Expansion of rubber plantation in Assam (Record no. 59094)

MARC details
000 -LEADER
fixed length control field 00333nam a2200133Ia 4500
100 ## - MAIN ENTRY--AUTHOR NAME
Personal name Joseph M O
245 #0 - TITLE STATEMENT
Title Expansion of rubber plantation in Assam
260 ## - PUBLICATION, DISTRIBUTION, ETC. (IMPRINT)
Name of publisher Rubber Board Bulletin
Year of publication 1987
300 ## - PHYSICAL DESCRIPTION
Number of Pages 4-Mar
650 ## - SUBJECT ADDED ENTRY--TOPICAL TERM
Topical Term Assam
650 ## - SUBJECT ADDED ENTRY--TOPICAL TERM
Topical Term Rubber cultivation
942 ## - ADDED ENTRY ELEMENTS (KOHA)
Koha item type Journals
Holdings
Withdrawn status Lost status Damaged status Not for loan Home library Current library Shelving location Date acquired Serial Enumeration / chronology Koha item type
      Journals RRII Library RRII Library Rubber general 17/12/2021 Volume 23, Issue 1 Journals